书目信息 |
| 题名: |
建筑装饰材料与施工工艺
|
|
| 作者: | 张晶 , 张柳 , 杨芬 主编 | |
| 分册: | ||
| 出版信息: | 合肥 合肥工业大学出版社 2019.03 |
|
| 页数: | 152页 | |
| 开本: | 29cm | |
| 丛书名: | ||
| 单 册: | ||
| 中图分类: | TU56 , TU767 | |
| 科图分类: | ||
| 主题词: | 建筑材料--jian zhu cai liao--装饰材料--高等教育--教材 , 建筑装饰--jian zhu zhuang shi--工程施工--高等教育--教材 | |
| 电子资源: | ||
| ISBN: | 978-7-5650-2868-7 | |
| 000 | 01115nam0 2200289 450 | |
| 001 | 0106081924 | |
| 005 | 20201106082048.0 | |
| 010 | @a978-7-5650-2868-7@dCNY58.00 | |
| 100 | @a20190529d2019 em y0chiy50 ea | |
| 101 | 0 | @achi |
| 102 | @aCN@b340000 | |
| 105 | @aa z 000yy | |
| 106 | @ar | |
| 200 | 1 | @a建筑装饰材料与施工工艺@Ajian zhu zhuang shi cai liao yu shi gong gong yi@f张晶, 张柳, 杨芬主编 |
| 210 | @a合肥@c合肥工业大学出版社@d2019.03 | |
| 215 | @a152页@c图@d29cm | |
| 300 | @a普通高等教育应用技术型院校艺术设计类专业规划教材 | |
| 330 | @a本书在介绍传统建筑装饰材料的基础上,重点介绍新型装饰材料的性质与应用,主要包括常用石材、木材、玻璃、塑料、金属、涂料、装饰织物与制品等,每章中都包含了装饰材料在工程中的实际应用的案例分析。 | |
| 606 | 0 | @a建筑材料@Ajian zhu cai liao@x装饰材料@x高等教育@j教材 |
| 606 | 0 | @a建筑装饰@Ajian zhu zhuang shi@x工程施工@x高等教育@j教材 |
| 690 | @aTU56@v5 | |
| 690 | @aTU767@v5 | |
| 701 | 0 | @a张晶@Azhang jing@4主编 |
| 701 | 0 | @a张柳@Azhang liu@4主编 |
| 701 | 0 | @a杨芬@Ayang fen@4主编 |
| 801 | 0 | @aCN@bBJSZM@c20201106 |
| 905 | @b1194852-5@dTU56@e1686@f4 | |
| 建筑装饰材料与施工工艺/张晶, 张柳, 杨芬主编.-合肥:合肥工业大学出版社,2019.03 |
| 152页:图;29cm |
| 普通高等教育应用技术型院校艺术设计类专业规划教材 |
| ISBN 978-7-5650-2868-7:CNY58.00 |
| 本书在介绍传统建筑装饰材料的基础上,重点介绍新型装饰材料的性质与应用,主要包括常用石材、木材、玻璃、塑料、金属、涂料、装饰织物与制品等,每章中都包含了装饰材料在工程中的实际应用的案例分析。 |
| ● |
| 相关链接 |
|
|
|
|
正题名:建筑装饰材料与施工工艺
索取号:TU56/1686
 
预约/预借
| 序号 | 登录号 | 条形码 | 馆藏地/架位号 | 状态 | 备注 |
| 1 | 1194852 | 211948525 | 第二样本阅览室/ [索取号:TU56/1686] | 在馆 | |
| 2 | 1194853 | 211948534 | 第三借阅区/ [索取号:TU56/1686] | 在馆 | |
| 3 | 1194854 | 211948543 | 第三借阅区/ [索取号:TU56/1686] | 在馆 | |
| 4 | 1194855 | 211948552 | 第三借阅区/ [索取号:TU56/1686] | 在馆 |